| Tag |
First Indicator |
Second Indicator |
Subfields |
| LEADER |
00000cgm a2200000 i 4500 |
| 001 |
in00005607499 |
| 006 |
m o c |
| 007 |
cr |n||||||||a |
| 007 |
vz |za|z| |
| 008 |
190128s1981 enk051 e o vleng d |
| 005 |
20241214204605.9 |
| 035 |
|
|
|a (OCoLC)on1089753379
|
| 040 |
|
|
|a ALSTP
|b eng
|e rda
|e pn
|c ALSTP
|d OCLCO
|d UPM
|d OCLCO
|d STF
|d OCLCO
|d OCLCF
|d OCLCQ
|d OCLCO
|d OCL
|d OCLCO
|d OCLCL
|d OCLCQ
|d DXU
|
| 019 |
|
|
|a 1373536131
|a 1443998884
|
| 035 |
|
|
|a (OCoLC)1089753379
|z (OCoLC)1373536131
|z (OCoLC)1443998884
|
| 043 |
|
|
|a n-us---
|
| 049 |
|
|
|a TXAM
|
| 245 |
0 |
0 |
|a Horizon.
|p The pleasure of finding things out :
|b Richard Feynman /
|c produced by Christopher Sykes ; BBC.
|
| 246 |
3 |
0 |
|a Pleasure of finding things out
|
| 264 |
|
1 |
|a London, England :
|b BBC Worldwide,
|c 1981.
|
| 300 |
|
|
|a 1 online resource (51 min.)
|
| 306 |
|
|
|a 005004
|
| 336 |
|
|
|a two-dimensional moving image
|b tdi
|2 rdacontent
|
| 337 |
|
|
|a computer
|b c
|2 rdamedia
|
| 337 |
|
|
|a video
|b v
|2 rdamedia
|
| 338 |
|
|
|a online resource
|b cr
|2 rdacarrier
|
| 347 |
|
|
|a video file
|2 rda
|
| 490 |
0 |
|
|a Academic Video Online
|
| 500 |
|
|
|a Title from resource description page (viewed January 28, 2019).
|
| 511 |
0 |
|
|a Richard Feynman, interviewee.
|
| 520 |
|
|
|a Richard Feynman was an outstanding scientist, Nobel laureate and legendary teacher. Here he talks about his lifelong obsession with finding out how the world works, a passion for knowledge and understanding that began on childhood walks with his father. He was a remarkable man who speaks about science and scientists with a rare degree of honesty, insight, humor and irreverence.
|
| 546 |
|
|
|a In English.
|
| 600 |
1 |
0 |
|a Feynman, Richard P.
|q (Richard Phillips),
|d 1918-1988.
|
| 600 |
1 |
7 |
|a Feynman, Richard P.
|q (Richard Phillips),
|d 1918-1988.
|2 fast
|0 (OCoLC)fst01753634
|1 https://id.oclc.org/worldcat/entity/E39PBJq6VDkr7bQpk3W3Yf4H4q
|
| 650 |
|
0 |
|a Physicists
|z United States
|v Biography.
|
| 650 |
|
6 |
|a Physiciens
|z États-Unis
|v Biographies.
|
| 650 |
|
7 |
|a Physicists.
|2 fast
|0 (OCoLC)fst01063014
|
| 651 |
|
7 |
|a United States.
|2 fast
|0 (OCoLC)fst01204155
|1 https://id.oclc.org/worldcat/entity/E39PBJtxgQXMWqmjMjjwXRHgrq
|
| 655 |
|
7 |
|a Biographies.
|2 fast
|0 (OCoLC)fst01919896
|
| 655 |
|
7 |
|a Documentary television programs.
|2 fast
|0 (OCoLC)fst01710387
|
| 655 |
|
7 |
|a Documentary television programs.
|2 lcgft
|
| 700 |
1 |
|
|a Feynman, Richard P.
|q (Richard Phillips),
|d 1918-1988,
|e speaker.
|1 https://id.oclc.org/worldcat/entity/E39PBJq6VDkr7bQpk3W3Yf4H4q
|
| 700 |
1 |
|
|a Sykes, Christopher,
|e producer.
|
| 710 |
2 |
|
|a British Broadcasting Corporation,
|e production company.
|
| 730 |
0 |
2 |
|i In series:
|a Horizon (Television program)
|
| 758 |
|
|
|i has work:
|a Horizon The pleasure of finding things out (MovingImage)
|1 https://id.oclc.org/worldcat/entity/E39PCFytHxqKcFD69th3tT39fy
|4 https://id.oclc.org/worldcat/ontology/hasWork
|
| 856 |
4 |
0 |
|u http://proxy.library.tamu.edu/login?url=https://www.aspresolver.com/aspresolver.asp?MARC;4037968
|z Connect to this streaming video (Alexander Street Press)
|t 0
|
| 955 |
|
|
|a Alexander Street Press perpetual purchased Fall 2024 streaming video
|
| 994 |
|
|
|a 92
|b TXA
|
| 999 |
f |
f |
|s ac1ba1e0-1e04-4b6d-9c21-42a8ba1a2dd7
|i d855d08f-5e30-48b6-b59e-fcc5180850e2
|t 0
|
| 952 |
f |
f |
|a Texas A&M University
|b College Station
|c Electronic Resources
|d Available Online
|t 0
|h Library of Congress classification
|
| 998 |
f |
f |
|t 0
|l Available Online
|